Toposes, algebraic geometry and logic

שמור ב:
מידע ביבליוגרפי
מחבר ראשי: Lawvere, F. William (Author)
פורמט: ספר
שפה:ספרדית
יצא לאור: Berlín Springer-Verlag 1972
סדרה:Lecture Notes in Mathematics, 274
נושאים:
תגים: הוספת תג
אין תגיות, היה/י הראשונ/ה לתייג את הרשומה!

MARC

LEADER 00000nam a2200000 a 4500
001 UCQ8266
003 CL-VaPUC
008 981209e19720000GW |||||||||||||||||spa|d
082 0 4 |a 516.35  |b LAW  |2 21 
100 |a Lawvere, F. William  |e author  |9 489878 
245 1 0 |a Toposes, algebraic geometry and logic 
300 |a 189 p 
942 |c BK 
945 |d 19981209 00:00:00  |a crobeson 
260 |a Berlín  |b Springer-Verlag  |c 1972 
650 0 |a Geometría algebraica  |9 270327 
650 0 |a Geometría analítica   |9 260062 
650 0 |a Lógica matemática   |9 262442 
583 |a last modification  |c 19981209 00:00:00  |k Rodrigo Vera 
490 0 |a Lecture Notes in Mathematics, 274 
999 |c 277551  |d 277549 
952 |0 0  |1 0  |4 0  |6 516_350000000000000_LAW_1972  |7 0  |8 A  |9 315545  |a BIBMAT  |b BIBMAT  |d 2019-11-20  |i 1300288  |o 516.35 LAW 1972  |p 1300288  |r 2025-01-07  |w 2019-11-20  |y BK  |k MAT